000
00351nam a2200157Ia 4500
008
230605s2006 xx 000 0 und d
041
_a
eng
100
_a
Abbott Lewrey
245
_a
Front Office
260
_b
Elsevier Butter Worth
_c
2006
_c
2006
300
_a
211
365
_b
180
_h
20
500
_a
116
520
_a
General
650
_a
F.O.
999
_c
418201
_d
418201